000 00518nam a2200205Ia 4500
003 OSt
005 20220926045959.0
006 a|||||r|||| 00| 0
007 ta
008 220923b |||||||| |||| 00| 0 eng d
037 _cGeneral Book
040 _aRTL
_cRTL
_beng
041 _2eng
_aeng
082 _aW81, K3/TD3
100 _aFANON Frentz Ed.
_9350826
245 0 _aWretched of the earth.
260 _c1966
942 _hW81, K3/TD3
_cGB
_2CC
999 _c679149
_d679149